Cántico espiritual : poesías /

Bibliographic Details
Main Author: John of the Cross, Saint, 1542-1591
Other Authors: Cuevas García, Cristóbal
Format: Book
Language:Spanish
Published: Madrid : Alhambra, 1979.
Edition:1. ed.
Series:Colección Clasicos.

MARC

Tag First Indicator Second Indicator Subfields
LEADER 00000cam a2200000 i 4500
001 in00002005178
005 20151031130416.0
008 800425s1979 sp b 000 0 spa d
020 |a 8420506346 
035 |a (OCoLC)ocm06244383 
040 |a OSU  |c OSU  |d OCL  |d GZM  |d RBN  |d TXA  |d UtOrBLW 
049 |a TXAM 
090 |a PQ6400.J88  |b C36 1979 
100 0 |a John of the Cross,  |c Saint,  |d 1542-1591. 
245 1 0 |a Cántico espiritual :  |b poesías /  |c San Juan de la Cruz ; edición, estudio y notas de Cristóbal Cuevas García. 
250 |a 1. ed. 
264 1 |a Madrid :  |b Alhambra,  |c 1979. 
300 |a v, 373 pages ;  |c 20 cm. 
336 |a text  |b txt  |2 rdacontent 
337 |a unmediated  |b n  |2 rdamedia 
338 |a volume  |b nc  |2 rdacarrier 
490 1 |a Colección Clásicos 
504 |a "Estudios": pages 94-100. 
536 |a From the Biblioteca Asensio, April 2004. 
700 1 |a Cuevas García, Cristóbal. 
830 0 |a Colección Clasicos. 
948 |a cataloged  |b h  |c 2004/11/2  |d c  |e dmitchel  |f 2:44:18 pm 
994 |a E0  |b TXA 
999 |a MARS 
999 f f |s 61602da4-f7fd-3638-bf14-7bc8c4debc64  |i 4fa2a9cf-3199-3a6b-8346-855fdb91ac49  |t 0 
952 f f |p ric  |a Texas A&M University  |b Rellis Campus  |c Joint Library Facility  |d Remote Storage  |t 0  |e PQ6400.J88 C36 1979  |h Library of Congress classification  |i unmediated -- volume  |m A14831584351 
998 f f |a PQ6400.J88 C36 1979  |t 0  |l Remote Storage